Advanced technology : The ideas and achievements of the AEG group

Salvato in:
Dettagli Bibliografici
Natura: Libro
Lingua:Undetermined
Pubblicazione: West Germany AEG Aktiengesellschaft 1988
Soggetti:
Tags: Aggiungi Tag
Nessun Tag, puoi essere il primo ad aggiungerne! !
Thư viện lưu trữ: Trung tâm Học liệu Trường Đại học Cần Thơ
LEADER 00482nam a2200169Ia 4500
001 CTU_86730
008 210402s9999 xx 000 0 und d
082 |a 629.8 
082 |b A244 
245 0 |a Advanced technology : 
245 4 |b The ideas and achievements of the AEG group 
260 |a West Germany 
260 |b AEG Aktiengesellschaft 
260 |c 1988 
650 |a Automatic control engineering 
904 |i Năm 
980 |a Trung tâm Học liệu Trường Đại học Cần Thơ